[Event "Wroclaw Open"]
[Site "?"]
[Date "2017.08.16"]
[Round "5.8"]
[White "Van Der Veen, Ronald"]
[Black "Reza, Wojciech"]
[Result "0-1"]
[BlackElo "2241"]
[WhiteElo "2002"]
[LiveChessVersion "1.4.6"]

1. d4 {[%clk 1:30:56]} c5 {[%clk 1:22:38]} 2. d5 {[%clk 1:29:34]} Nf6
{[%clk 1:18:04]} 3. c4 {[%clk 1:28:50]} g6 {[%clk 1:14:55]} 4. Nc3
{[%clk 1:28:32]} Bg7 {[%clk 1:15:18]} 5. d6 {[%clk 1:25:56]} O-O {[%clk 1:10:28]}
6. Nb5 {[%clk 1:24:38]} Nc6 {[%clk 1:05:11]} 7. Bf4 {[%clk 1:15:45]} Ne4
{[%clk 0:49:21]} 8. dxe7 {[%clk 0:57:03]} Qxe7 {[%clk 0:47:08]} 9. Rb1
{[%clk 0:44:18]} d6 {[%clk 0:15:47]} 10. e3 {[%clk 0:29:46]} a6 {[%clk 0:15:14]}
11. Na3 {[%clk 0:27:30]} Rd8 {[%clk 0:14:56]} 12. Bd3 {[%clk 0:26:32]} Nb4
{[%clk 0:13:57]} 13. Nf3 {[%clk 0:19:33]} Bf5 {[%clk 0:14:22]} 14. Bc2
{[%clk 0:19:06]} d5 {[%clk 0:13:55]} 15. cxd5 {[%clk 0:17:06]} Rxd5
{[%clk 0:07:46]} 16. Qe2 {[%clk 0:16:58]} Nxc2+ {[%clk 0:07:51]} 17. Nxc2
{[%clk 0:17:11]} Nc3 {[%clk 0:07:40]} 18. bxc3 {[%clk 0:14:09]} Bxc3+
{[%clk 0:08:03]} 19. Kf1 {[%clk 0:10:37]} Bd3 {[%clk 0:08:25]} 20. Rb3
{[%clk 0:09:58]} Bxe2+ {[%clk 0:07:03]} 21. Kxe2 {[%clk 0:10:26]} Bf6
{[%clk 0:07:08]} 22. Rhb1 {[%clk 0:10:16]} b5 {[%clk 0:07:21]} 23. a4
{[%clk 0:10:18]} Qe4 {[%clk 0:07:24]} 24. Nfe1 {[%clk 0:09:26]} Qxa4
{[%clk 0:07:29]} 25. f3 {[%clk 0:09:23]} Qc4+ {[%clk 0:07:49]} 26. Kf2
{[%clk 0:09:24]} Rd2+ {[%clk 0:08:13]} 0-1

[Event "Wroclaw Open"]
[Site "?"]
[Date "2017.08.16"]
[Round "5.9"]
[White "Jankowiak, Piotr"]
[Black "Gierulski, Kamil"]
[Result "1/2-1/2"]
[BlackElo "2210"]
[WhiteElo "1774"]
[LiveChessVersion "1.4.6"]

1. e4 {[%clk 1:30:57]} e5 {[%clk 1:30:57]} 2. Nc3 {[%clk 1:29:41]} Nf6
{[%clk 1:31:14]} 3. g3 {[%clk 1:29:49]} d5 {[%clk 1:29:23]} 4. exd5
{[%clk 1:30:07]} Nxd5 {[%clk 1:29:49]} 5. Bg2 {[%clk 1:30:30]} Nxc3
{[%clk 1:30:03]} 6. bxc3 {[%clk 1:30:52]} Bc5 {[%clk 1:29:55]} 7. d3
{[%clk 1:29:49]} O-O {[%clk 1:30:08]} 8. Nf3 {[%clk 1:30:09]} Nc6
{[%clk 1:27:53]} 9. O-O {[%clk 1:30:06]} h6 {[%clk 1:16:58]} 10. Re1
{[%clk 1:28:59]} Qf6 {[%clk 1:16:35]} 11. Be3 {[%clk 1:24:04]} Bb6
{[%clk 1:15:35]} 12. Nd2 {[%clk 1:18:06]} Bd7 {[%clk 1:08:26]} 13. Qh5
{[%clk 1:06:56]} Rfe8 {[%clk 1:06:17]} 14. Ne4 {[%clk 0:52:57]} Qf5
{[%clk 1:02:50]} 15. Qxf5 {[%clk 0:49:34]} Bxf5 {[%clk 1:03:17]} 16. Nc5
{[%clk 0:49:56]} Bxc5 {[%clk 0:56:57]} 17. Bxc5 {[%clk 0:50:18]} Bd7
{[%clk 0:56:54]} 18. Re2 {[%clk 0:47:24]} f6 {[%clk 0:50:48]} 19. Bd5+
{[%clk 0:45:44]} Be6 {[%clk 0:48:34]} 20. Bxc6 {[%clk 0:39:08]} bxc6
{[%clk 0:48:54]} 21. Ree1 {[%clk 0:39:23]} a6 {[%clk 0:47:05]} 22. c4
{[%clk 0:38:59]} g5 {[%clk 0:46:22]} 23. f3 {[%clk 0:37:12]} Kf7 {[%clk 0:46:27]}
24. Rab1 {[%clk 0:36:54]} Kg6 {[%clk 0:44:36]} 25. Rb7 {[%clk 0:35:44]} Rec8
{[%clk 0:44:50]} 26. Reb1 {[%clk 0:35:13]} h5 {[%clk 0:41:01]} 1/2-1/2

[Event "Wroclaw Open"]
[Site "?"]
[Date "2017.08.16"]
[Round "5.10"]
[White "Jagodzinski, Piotr"]
[Black "Engers, Felix"]
[Result "1-0"]
[BlackElo "1919"]
[WhiteElo "2177"]
[LiveChessVersion "1.4.6"]

1. d4 {[%clk 1:30:58]} Nf6 {[%clk 1:30:55]} 2. Nf3 {[%clk 1:31:25]} g6 3. g3
{[%clk 1:31:43]} Bg7 {[%clk 1:31:40]} 4. Bg2 d5 {[%clk 1:32:24]} 5. O-O
{[%clk 1:31:43]} O-O 6. c4 {[%clk 1:30:39]} c6 {[%clk 1:32:49]} 7. Ne5
{[%clk 1:30:10]} Ne4 {[%clk 1:28:57]} 8. cxd5 {[%clk 1:28:10]} cxd5
{[%clk 1:29:18]} 9. Nc3 {[%clk 1:28:38]} Nxc3 {[%clk 1:22:46]} 10. bxc3
{[%clk 1:29:06]} Nc6 {[%clk 1:23:01]} 11. Nd3 {[%clk 1:21:09]} Bf5
{[%clk 1:16:08]} 12. Nf4 {[%clk 1:15:52]} e6 {[%clk 1:01:15]} 13. h3
{[%clk 1:08:54]} g5 {[%clk 0:59:01]} 14. Nh5 {[%clk 0:53:32]} Bh8
{[%clk 0:57:37]} 15. Qd2 {[%clk 0:50:15]} Bg6 {[%clk 0:53:53]} 16. g4
{[%clk 0:50:16]} e5 {[%clk 0:49:55]} 17. dxe5 {[%clk 0:41:53]} Bxe5
{[%clk 0:50:18]} 18. Bxd5 {[%clk 0:40:21]} Qa5 {[%clk 0:50:37]} 19. Qxg5
{[%clk 0:34:35]} Qxd5 {[%clk 0:49:43]} 20. Nf6+ {[%clk 0:33:29]} Bxf6
{[%clk 0:50:03]} 21. Qxd5 {[%clk 0:33:56]} Bxc3 {[%clk 0:50:21]} 22. Bh6
{[%clk 0:30:59]} Rfd8 {[%clk 0:50:47]} 23. Qg5 {[%clk 0:29:52]} f6
{[%clk 0:49:49]} 24. Qe3 {[%clk 0:29:34]} Nd4 {[%clk 0:48:45]} 25. Rac1
{[%clk 0:27:35]} Re8 {[%clk 0:48:56]} 26. Rxc3 {[%clk 0:26:23]} Nxe2+
{[%clk 0:47:51]} 27. Kg2 {[%clk 0:25:53]} Rxe3 {[%clk 0:46:56]} 28. Rxe3
{[%clk 0:26:21]} Re8 {[%clk 0:46:51]} 29. Rxe8+ {[%clk 0:21:19]} Bxe8
{[%clk 0:47:16]} 30. Be3 {[%clk 0:20:28]} a6 {[%clk 0:46:59]} 31. a3
{[%clk 0:18:27]} Nc3 {[%clk 0:46:03]} 32. Bd4 {[%clk 0:16:49]} Bc6+
{[%clk 0:46:20]} 33. f3 {[%clk 0:17:02]} Nd5 {[%clk 0:46:22]} 34. Kg3
{[%clk 0:17:16]} Kf7 {[%clk 0:45:57]} 35. h4 {[%clk 0:17:32]} b5 {[%clk 0:45:56]}
36. Rc1 {[%clk 0:13:44]} Bd7 {[%clk 0:46:15]} 37. f4 {[%clk 0:13:40]} Ke6
{[%clk 0:45:12]} 38. h5 {[%clk 0:10:06]} a5 {[%clk 0:43:28]} 39. Bc5
{[%clk 0:08:57]} Be8 {[%clk 0:41:29]} 40. Bf2 {[%clk 0:06:46]} b4
{[%clk 0:39:32]} 41. axb4 {[%clk 0:06:54]} axb4 {[%clk 0:39:52]} 42. Rc8
{[%clk 0:05:30]} Bd7 {[%clk 0:39:09]} 43. Rb8 {[%clk 0:05:11]} Kd6
{[%clk 0:36:25]} 44. Bd4 {[%clk 0:03:35]} Bc6 {[%clk 0:35:52]} 45. h6
{[%clk 0:03:27]} Ba4 {[%clk 0:34:46]} 46. Rb7 {[%clk 0:02:06]} Bc2
{[%clk 0:34:01]} 47. f5 {[%clk 0:02:30]} b3 {[%clk 0:34:27]} 48. Rxh7
{[%clk 0:02:26]} 1-0

[Event "Wroclaw Open"]
[Site "?"]
[Date "2017.08.16"]
[Round "5.11"]
[White "Zagema, Jan Sybren"]
[Black "Kowalczyk, Pawel"]
[Result "0-1"]
[BlackElo "2311"]
[WhiteElo "1878"]
[LiveChessVersion "1.4.6"]

1. e4 {[%clk 1:30:58]} c5 {[%clk 1:30:58]} 2. Nc3 {[%clk 1:31:19]} Nc6
{[%clk 1:31:08]} 3. f4 {[%clk 1:31:29]} g6 {[%clk 1:31:34]} 4. Nf3
{[%clk 1:31:53]} Bg7 {[%clk 1:32:02]} 5. Bb5 {[%clk 1:32:14]} d6 {[%clk 1:31:29]}
6. O-O {[%clk 1:31:50]} Bd7 {[%clk 1:31:50]} 7. Bxc6 {[%clk 1:32:08]} Bxc6
{[%clk 1:32:08]} 8. d3 {[%clk 1:32:29]} b5 {[%clk 1:32:32]} 9. Qe1
{[%clk 1:27:37]} Qb6 {[%clk 1:32:35]} 10. Kh1 {[%clk 1:24:51]} h5
{[%clk 1:32:27]} 11. f5 {[%clk 1:06:18]} gxf5 {[%clk 1:32:19]} 12. Ng5
{[%clk 1:06:34]} Nh6 {[%clk 1:32:21]} 13. exf5 {[%clk 1:06:01]} O-O-O
{[%clk 1:32:49]} 14. Nxf7 {[%clk 1:00:43]} Nxf7 {[%clk 1:33:17]} 15. Qe6+
{[%clk 1:01:04]} Kb8 {[%clk 1:33:46]} 16. Qxf7 {[%clk 1:01:21]} Bxc3
{[%clk 1:34:15]} 17. bxc3 {[%clk 1:01:31]} Qb7 {[%clk 1:34:29]} 18. Rf2
{[%clk 0:58:41]} Rhg8 {[%clk 1:34:47]} 19. Rf3 {[%clk 0:04:27]} Bxf3
{[%clk 1:35:11]} 20. gxf3 {[%clk 0:04:56]} Qxf3# 0-1

[Event "Wroclaw Open"]
[Site "?"]
[Date "2017.08.16"]
[Round "5.12"]
[White "Czachor, Grzegorz"]
[Black "Drijver, Evert"]
[Result "1-0"]
[BlackElo "1896"]
[WhiteElo "2108"]
[LiveChessVersion "1.4.6"]

1. b3 {[%clk 1:30:58]} Nf6 {[%clk 1:30:01]} 2. Bb2 {[%clk 1:31:23]} g6
{[%clk 1:30:26]} 3. Bxf6 {[%clk 1:31:48]} exf6 {[%clk 1:30:55]} 4. c4
{[%clk 1:32:11]} Bg7 {[%clk 1:27:56]} 5. Nc3 {[%clk 1:32:03]} O-O
{[%clk 1:27:57]} 6. g3 {[%clk 1:32:26]} c6 {[%clk 1:26:04]} 7. Bg2
{[%clk 1:32:51]} d6 {[%clk 1:25:07]} 8. e3 {[%clk 1:31:40]} Be6 {[%clk 1:23:28]}
9. Nge2 {[%clk 1:32:02]} Qe7 {[%clk 1:16:08]} 10. O-O {[%clk 1:31:15]} Na6
{[%clk 1:12:07]} 11. Rc1 {[%clk 1:30:40]} Nc7 {[%clk 1:10:08]} 12. d4
{[%clk 1:28:57]} Rab8 {[%clk 0:56:54]} 13. Qd3 {[%clk 1:26:12]} Rfc8
{[%clk 0:51:13]} 14. Rfe1 {[%clk 1:25:35]} f5 {[%clk 0:46:29]} 15. Red1
{[%clk 1:18:35]} d5 {[%clk 0:38:24]} 16. cxd5 {[%clk 1:09:49]} Nxd5
{[%clk 0:36:34]} 17. Nxd5 {[%clk 1:09:26]} Bxd5 {[%clk 0:36:48]} 18. Bxd5
{[%clk 1:09:36]} cxd5 {[%clk 0:37:15]} 19. Qb5 {[%clk 1:09:52]} Bh6
{[%clk 0:33:45]} 20. Qxd5 {[%clk 1:09:00]} Bxe3 {[%clk 0:33:36]} 21. fxe3
{[%clk 1:08:51]} Qxe3+ {[%clk 0:33:51]} 22. Kf1 {[%clk 1:09:13]} Re8
{[%clk 0:32:17]} 23. Qg2 {[%clk 1:06:38]} b6 {[%clk 0:21:52]} 1-0

[Event "Wroclaw Open"]
[Site "?"]
[Date "2017.08.16"]
[Round "5.13"]
[White "Kaminski, Jan"]
[Black "Kanicki, Krzysztof"]
[Result "1/2-1/2"]
[BlackElo "2098"]
[WhiteElo "1818"]
[LiveChessVersion "1.4.6"]

1. e4 {[%clk 1:30:57]} c5 {[%clk 1:30:54]} 2. Nf3 {[%clk 1:31:21]} Nc6
{[%clk 1:31:20]} 3. Bb5 {[%clk 1:31:43]} g6 {[%clk 1:31:39]} 4. O-O
{[%clk 1:32:07]} Bg7 {[%clk 1:32:03]} 5. Re1 {[%clk 1:32:27]} Nf6
{[%clk 1:30:06]} 6. c3 {[%clk 1:32:11]} O-O {[%clk 1:30:02]} 7. d4
{[%clk 1:32:36]} cxd4 {[%clk 1:30:18]} 8. cxd4 {[%clk 1:33:00]} d5
{[%clk 1:30:40]} 9. e5 {[%clk 1:33:19]} Ne4 {[%clk 1:30:02]} 10. Nc3
{[%clk 1:32:02]} Nxc3 {[%clk 1:30:19]} 11. bxc3 {[%clk 1:32:30]} Na5
{[%clk 1:30:04]} 12. Bf4 {[%clk 1:31:12]} Bd7 {[%clk 1:29:02]} 13. Bd3
{[%clk 1:26:13]} Rc8 {[%clk 1:28:50]} 14. Rc1 {[%clk 1:22:55]} Nc4
{[%clk 1:27:27]} 15. Qb3 {[%clk 1:18:37]} b5 {[%clk 1:26:26]} 16. Bxc4
{[%clk 1:17:10]} dxc4 {[%clk 1:01:56]} 17. Qa3 {[%clk 1:14:28]} Bc6
{[%clk 0:57:15]} 18. Nd2 {[%clk 1:13:38]} Qd5 {[%clk 0:54:13]} 19. f3
{[%clk 1:13:31]} Qd7 {[%clk 0:28:43]} 20. Nf1 {[%clk 1:07:19]} a5
{[%clk 0:25:51]} 21. Rcd1 {[%clk 1:03:55]} f5 {[%clk 0:18:47]} 22. e6
{[%clk 0:58:54]} Qb7 {[%clk 0:18:27]} 23. Ne3 {[%clk 0:58:28]} Rfd8
{[%clk 0:13:11]} 24. Re2 {[%clk 0:55:08]} Ra8 {[%clk 0:08:49]} 25. Qb2
{[%clk 0:47:22]} b4 {[%clk 0:08:09]} 26. Red2 {[%clk 0:35:19]} bxc3
{[%clk 0:07:30]} 27. Qxc3 {[%clk 0:35:32]} Ba4 {[%clk 0:06:37]} 28. Re1
{[%clk 0:34:36]} Qa7 {[%clk 0:04:12]} 29. Qxc4 {[%clk 0:32:10]} Rxd4
{[%clk 0:04:27]} 30. Rxd4 {[%clk 0:31:52]} Qxd4 {[%clk 0:04:54]} 31. Rc1
{[%clk 0:23:31]} Rd8 {[%clk 0:04:35]} 32. Qxd4 {[%clk 0:23:08]} Bxd4
{[%clk 0:04:57]} 33. Kf1 {[%clk 0:22:00]} Bb5+ {[%clk 0:04:12]} 34. Ke1
{[%clk 0:21:48]} Kg7 {[%clk 0:03:51]} 35. Rc7 {[%clk 0:18:17]} Kf6
{[%clk 0:03:33]} 36. Nc4 {[%clk 0:18:26]} Kxe6 {[%clk 0:01:57]} 37. Bg5
{[%clk 0:17:32]} Bxc4 {[%clk 0:01:35]} 38. Rxc4 {[%clk 0:17:59]} Rd5
{[%clk 0:01:08]} 39. Rc7 {[%clk 0:15:39]} Bc5 {[%clk 0:01:07]} 40. Bd2
{[%clk 0:15:26]} Bd6 {[%clk 0:00:33]} 41. Ra7 {[%clk 0:15:29]} Bxh2
{[%clk 0:00:47]} 42. Bxa5 {[%clk 0:15:37]} Bd6 {[%clk 0:00:55]} 43. Bd2
{[%clk 0:15:42]} Rc5 {[%clk 0:00:43]} 44. a4 {[%clk 0:15:49]} Kd5
{[%clk 0:00:56]} 45. Ke2 {[%clk 0:15:58]} Kc4 {[%clk 0:01:04]} 46. Rb7
{[%clk 0:14:47]} Re5+ {[%clk 0:01:21]} 47. Kd1 {[%clk 0:14:58]} Bc5
{[%clk 0:01:13]} 48. a5 {[%clk 0:14:42]} Re6 {[%clk 0:01:17]} 49. Rb2
{[%clk 0:11:58]} Rd6 {[%clk 0:01:12]} 50. Kc2 {[%clk 0:10:59]} e5
{[%clk 0:01:26]} 51. Rb8 {[%clk 0:10:39]} e4 {[%clk 0:01:23]} 52. fxe4
{[%clk 0:11:02]} fxe4 {[%clk 0:01:52]} 53. Re8 {[%clk 0:11:19]} Kd4
{[%clk 0:00:56]} 54. Bf4 {[%clk 0:08:22]} Rd7 {[%clk 0:01:09]} 55. a6
{[%clk 0:08:08]} Ra7 {[%clk 0:00:55]} 56. Kb3 {[%clk 0:06:28]} Kd3
{[%clk 0:00:43]} 57. Rd8+ {[%clk 0:06:41]} Ke2 {[%clk 0:00:56]} 58. Kc4
{[%clk 0:06:35]} Be3 {[%clk 0:00:44]} 59. Bxe3 {[%clk 0:05:43]} Kxe3
{[%clk 0:01:12]} 60. Kb5 {[%clk 0:05:58]} Kf2 {[%clk 0:01:35]} 61. g4
{[%clk 0:03:22]} Kf3 {[%clk 0:00:36]} 62. g5 {[%clk 0:02:50]} Kf4
{[%clk 0:00:34]} 63. Kb6 {[%clk 0:02:56]} Re7 {[%clk 0:00:34]} 64. a7
{[%clk 0:02:51]} Rxa7 {[%clk 0:00:51]} 65. Kxa7 {[%clk 0:03:20]} Kxg5
{[%clk 0:01:13]} 66. Kb6 {[%clk 0:03:08]} Kf4 {[%clk 0:01:27]} 67. Kc5
{[%clk 0:03:33]} h5 {[%clk 0:00:51]} 68. Kd4 {[%clk 0:03:48]} h4 {[%clk 0:00:58]}
69. Rf8+ {[%clk 0:04:07]} Kg3 {[%clk 0:00:54]} 70. Kxe4 {[%clk 0:04:29]} h3
{[%clk 0:01:02]} 71. Rg8 {[%clk 0:04:27]} h2 {[%clk 0:01:06]} 72. Rxg6+
{[%clk 0:04:52]} Kf2 {[%clk 0:01:31]} 73. Rh6 {[%clk 0:05:03]} Kg2
{[%clk 0:01:40]} 74. Rxh2+ {[%clk 0:05:14]} Kxh2 {[%clk 0:02:05]} 1/2-1/2

[Event "Wroclaw Open"]
[Site "?"]
[Date "2017.08.16"]
[Round "5.14"]
[White "Marko, Piotr"]
[Black "Zauner, Christoph"]
[Result "1-0"]
[BlackElo "2044"]
[WhiteElo "1794"]
[LiveChessVersion "1.4.6"]

1. e4 {[%clk 1:30:58]} e6 {[%clk 1:30:53]} 2. d4 {[%clk 1:31:21]} d5
{[%clk 1:31:17]} 3. Nd2 {[%clk 1:31:46]} Be7 {[%clk 1:31:28]} 4. c3
{[%clk 1:30:55]} c5 {[%clk 1:31:43]} 5. dxc5 {[%clk 1:21:31]} Nf6
{[%clk 1:30:23]} 6. Qc2 {[%clk 1:04:34]} Bxc5 {[%clk 1:23:39]} 7. Bd3
{[%clk 0:50:52]} Nc6 {[%clk 1:13:41]} 8. Ngf3 {[%clk 0:50:47]} Bd7
{[%clk 1:02:01]} 9. O-O {[%clk 0:48:57]} Rc8 {[%clk 1:00:09]} 10. a3
{[%clk 0:45:18]} Bb6 {[%clk 0:50:52]} 11. Qb1 {[%clk 0:18:27]} h6
{[%clk 0:49:49]} 12. b3 {[%clk 0:14:15]} g5 {[%clk 0:47:48]} 13. exd5
{[%clk 0:09:19]} Nxd5 {[%clk 0:46:53]} 14. Ne4 {[%clk 0:06:26]} Bc7
{[%clk 0:44:20]} 15. c4 {[%clk 0:05:19]} g4 {[%clk 0:19:37]} 16. cxd5
{[%clk 0:04:42]} exd5 {[%clk 0:20:00]} 17. Qb2 {[%clk 0:04:38]} f6
{[%clk 0:15:38]} 18. Qxf6 {[%clk 0:01:01]} Rf8 {[%clk 0:13:17]} 19. Nd6+
{[%clk 0:01:08]} Bxd6 {[%clk 0:13:15]} 20. Bg6+ {[%clk 0:01:33]} 1-0

[Event "Wroclaw Open"]
[Site "?"]
[Date "2017.08.16"]
[Round "5.15"]
[White "Decker, Nils"]
[Black "Fuchs, Dominik"]
[Result "1-0"]
[BlackElo "1865"]
[WhiteElo "2034"]
[LiveChessVersion "1.4.6"]

1. d4 {[%clk 1:30:54]} Nf6 {[%clk 1:30:58]} 2. c4 {[%clk 1:31:18]} c5
{[%clk 1:31:18]} 3. d5 {[%clk 1:31:42]} e6 {[%clk 1:31:44]} 4. Nc3
{[%clk 1:32:07]} exd5 {[%clk 1:32:10]} 5. cxd5 {[%clk 1:32:32]} d6
{[%clk 1:32:35]} 6. Nf3 {[%clk 1:32:53]} g6 {[%clk 1:32:59]} 7. h3
{[%clk 1:33:13]} a6 {[%clk 1:33:04]} 8. a4 {[%clk 1:33:37]} Qe7 {[%clk 1:33:29]}
9. Bf4 {[%clk 1:33:39]} Bg7 {[%clk 1:33:45]} 10. e3 {[%clk 1:33:45]} O-O
{[%clk 1:34:01]} 11. Be2 {[%clk 1:33:49]} Nbd7 {[%clk 1:34:15]} 12. O-O
{[%clk 1:33:00]} Ne8 {[%clk 1:33:53]} 13. a5 {[%clk 1:20:19]} Ne5
{[%clk 1:32:38]} 14. Nd2 {[%clk 1:18:37]} f5 {[%clk 1:29:22]} 15. Bg3
{[%clk 1:12:22]} g5 {[%clk 1:15:18]} 16. f4 {[%clk 1:10:47]} Ng6 {[%clk 1:14:06]}
17. Nc4 {[%clk 1:09:58]} h6 {[%clk 1:02:51]} 18. Qd3 {[%clk 0:46:53]} Bd7
{[%clk 0:57:06]} 19. Bh5 {[%clk 0:38:56]} Qf6 {[%clk 0:54:56]} 20. Nb6
{[%clk 0:32:21]} Rd8 {[%clk 0:54:48]} 21. Kh2 {[%clk 0:31:50]} Nc7
{[%clk 0:48:34]} 22. Rf2 {[%clk 0:25:39]} Bb5 {[%clk 0:42:20]} 23. Nxb5
{[%clk 0:23:15]} axb5 {[%clk 0:40:22]} 24. fxg5 {[%clk 0:21:46]} Qxg5
{[%clk 0:36:15]} 25. Bxg6 {[%clk 0:21:47]} Qxg6 {[%clk 0:36:39]} 26. Raf1
{[%clk 0:17:41]} c4 {[%clk 0:23:55]} 27. Qc2 {[%clk 0:15:28]} Qe8
{[%clk 0:23:57]} 28. Bh4 {[%clk 0:09:59]} Rb8 {[%clk 0:12:19]} 29. Rxf5
{[%clk 0:10:02]} Rxf5 {[%clk 0:12:42]} 30. Qxf5 {[%clk 0:09:12]} Bxb2
{[%clk 0:12:28]} 31. Nd7 {[%clk 0:08:28]} Be5+ {[%clk 0:12:09]} 32. Bg3
{[%clk 0:05:37]} Nxd5 {[%clk 0:11:16]} 33. Bxe5 {[%clk 0:03:17]} dxe5
{[%clk 0:11:38]} 34. Qg4+ {[%clk 0:03:23]} Kh7 {[%clk 0:09:32]} 35. Qe4+
{[%clk 0:03:09]} Kg7 {[%clk 0:07:04]} 36. Nxb8 {[%clk 0:03:16]} Qe6
{[%clk 0:03:28]} 37. Rd1 {[%clk 0:01:28]} 1-0

[Event "Wroclaw Open"]
[Site "?"]
[Date "2017.08.16"]
[Round "5.16"]
[White "Motyl, Tomasz"]
[Black "Pawicka, Magdalena"]
[Result "1-0"]
[BlackElo "1790"]
[WhiteElo "2027"]
[LiveChessVersion "1.4.6"]

1. g3 {[%clk 1:30:29]} d5 {[%clk 1:30:43]} 2. Bg2 {[%clk 1:30:53]} Nf6
{[%clk 1:30:49]} 3. Nf3 {[%clk 1:30:48]} e6 {[%clk 1:30:54]} 4. O-O
{[%clk 1:31:05]} Be7 {[%clk 1:30:07]} 5. d3 {[%clk 1:31:02]} O-O {[%clk 1:30:01]}
6. c3 {[%clk 1:30:55]} b6 {[%clk 1:24:53]} 7. Qc2 {[%clk 1:31:20]} Bb7
{[%clk 1:22:53]} 8. Nbd2 {[%clk 1:31:44]} Nbd7 {[%clk 1:20:07]} 9. Rd1
{[%clk 1:26:40]} c5 {[%clk 1:17:40]} 10. e4 {[%clk 1:26:51]} Qc7 {[%clk 1:09:54]}
11. Re1 {[%clk 1:22:13]} Ne5 {[%clk 1:04:31]} 12. Nxe5 {[%clk 1:17:31]} Qxe5
{[%clk 1:04:52]} 13. Nf3 {[%clk 1:16:48]} Qc7 {[%clk 1:04:27]} 14. Bf4
{[%clk 1:16:48]} Qc8 {[%clk 1:03:59]} 15. e5 {[%clk 1:14:46]} Nd7
{[%clk 1:02:11]} 16. Rac1 {[%clk 1:10:49]} Rd8 {[%clk 0:57:20]} 17. Bg5
{[%clk 1:09:28]} Bxg5 {[%clk 0:56:24]} 18. Nxg5 {[%clk 1:09:56]} h6
{[%clk 0:56:15]} 19. Nf3 {[%clk 1:09:47]} Qc7 {[%clk 0:52:45]} 20. Qa4
{[%clk 1:07:49]} Bc6 {[%clk 0:50:01]} 21. Qf4 {[%clk 1:08:01]} Qb7
{[%clk 0:45:11]} 22. d4 {[%clk 1:05:55]} Rac8 {[%clk 0:43:36]} 23. h4
{[%clk 1:05:00]} c4 {[%clk 0:39:40]} 24. g4 {[%clk 1:04:21]} Nf8 {[%clk 0:37:44]}
25. Kh2 {[%clk 1:00:35]} Ng6 {[%clk 0:36:45]} 26. Qg3 {[%clk 1:00:26]} Qe7
{[%clk 0:35:34]} 27. Bh3 {[%clk 0:59:10]} Kf8 {[%clk 0:33:11]} 28. h5
{[%clk 0:57:41]} Nh8 {[%clk 0:33:23]} 29. g5 {[%clk 0:55:33]} hxg5
{[%clk 0:31:51]} 30. Nxg5 {[%clk 0:55:13]} Ke8 {[%clk 0:25:30]} 31. Nh7
{[%clk 0:50:25]} Kd7 {[%clk 0:24:21]} 32. Qxg7 {[%clk 0:50:24]} Qh4
{[%clk 0:24:10]} 33. Nf6+ {[%clk 0:50:26]} Kc7 {[%clk 0:24:20]} 34. Qg3
{[%clk 0:50:36]} Qxg3+ {[%clk 0:24:10]} 35. Kxg3 {[%clk 0:48:24]} b5
{[%clk 0:23:57]} 36. Kf4 {[%clk 0:47:14]} a5 {[%clk 0:23:59]} 37. Rg1
{[%clk 0:47:32]} b4 {[%clk 0:23:12]} 38. Rg7 {[%clk 0:46:44]} Rb8
{[%clk 0:23:10]} 39. Rc2 {[%clk 0:39:05]} Bd7 {[%clk 0:21:17]} 40. f3
{[%clk 0:38:42]} bxc3 {[%clk 0:20:48]} 41. bxc3 {[%clk 0:39:05]} a4
{[%clk 0:20:54]} 42. Rcg2 {[%clk 0:37:34]} a3 {[%clk 0:20:08]} 43. Nxd7
{[%clk 0:31:25]} Kxd7 {[%clk 0:19:34]} 44. Kg5 {[%clk 0:30:58]} Rb3
{[%clk 0:16:28]} 45. Kf6 {[%clk 0:28:23]} Kc8 {[%clk 0:14:36]} 46. f4
{[%clk 0:23:36]} Rxc3 {[%clk 0:14:45]} 47. R7g3 {[%clk 0:23:40]} Rxg3
{[%clk 0:14:51]} 48. Rxg3 {[%clk 0:24:08]} Kd7 {[%clk 0:14:38]} 49. Rxa3
{[%clk 0:23:49]} Rc8 {[%clk 0:14:56]} 50. Rc3 {[%clk 0:22:42]} Kc6
{[%clk 0:15:05]} 51. f5 {[%clk 0:21:33]} exf5 {[%clk 0:15:00]} 52. Bxf5
{[%clk 0:21:47]} Ra8 {[%clk 0:13:55]} 53. Kg7 {[%clk 0:21:30]} Kb5
{[%clk 0:13:49]} 54. a3 {[%clk 0:20:49]} Ka5 {[%clk 0:12:57]} 55. Bh7
{[%clk 0:20:20]} Rb8 {[%clk 0:13:07]} 56. Bg8 {[%clk 0:19:30]} Rb3
{[%clk 0:13:21]} 57. Rxb3 {[%clk 0:19:07]} cxb3 {[%clk 0:13:34]} 58. Kxh8
{[%clk 0:19:30]} b2 {[%clk 0:13:50]} 59. Bh7 {[%clk 0:19:55]} 1-0

[Event "Wroclaw Open"]
[Site "?"]
[Date "2017.08.16"]
[Round "5.17"]
[White "Krzyzosiak, Anna"]
[Black "Hetzer, Volkhard"]
[Result "1-0"]
[BlackElo "1980"]
[WhiteElo "1518"]
[LiveChessVersion "1.4.6"]

1. e4 {[%clk 1:30:58]} d6 {[%clk 1:30:16]} 2. d4 {[%clk 1:31:02]} Nf6
{[%clk 1:30:42]} 3. Nc3 {[%clk 1:31:00]} g6 {[%clk 1:31:05]} 4. Bc4
{[%clk 1:30:55]} c6 {[%clk 1:30:22]} 5. Nf3 {[%clk 1:30:59]} b5 {[%clk 1:29:19]}
6. Bb3 {[%clk 1:31:03]} b4 {[%clk 1:29:06]} 7. e5 {[%clk 1:28:44]} bxc3
{[%clk 1:22:05]} 8. exf6 {[%clk 1:29:02]} exf6 {[%clk 1:20:48]} 9. bxc3
{[%clk 1:28:09]} Bg7 {[%clk 1:16:23]} 10. Qe2+ {[%clk 1:25:46]} Qe7
{[%clk 1:09:20]} 11. Qxe7+ {[%clk 1:25:38]} Kxe7 {[%clk 1:09:45]} 12. O-O
{[%clk 1:24:54]} Be6 {[%clk 1:02:49]} 13. Re1 {[%clk 1:24:49]} Kd7
{[%clk 1:02:36]} 14. Ba3 {[%clk 1:22:18]} Na6 {[%clk 1:01:01]} 15. Nd2
{[%clk 1:21:07]} Nc7 {[%clk 0:51:40]} 16. c4 {[%clk 1:18:18]} d5 {[%clk 0:21:16]}
17. cxd5 {[%clk 1:18:18]} cxd5 {[%clk 0:13:11]} 18. Ba4+ {[%clk 1:16:46]} Kd8
{[%clk 0:13:33]} 19. Nb3 {[%clk 1:16:29]} Bf8 {[%clk 0:12:59]} 20. Nc5
{[%clk 1:15:55]} Rb8 {[%clk 0:10:35]} 21. Rab1 {[%clk 1:15:26]} Rxb1
{[%clk 0:10:31]} 22. Rxb1 {[%clk 1:15:48]} Kc8 {[%clk 0:10:52]} 23. Bc6
{[%clk 1:13:38]} Bf5 {[%clk 0:11:12]} 24. Rb7 {[%clk 1:09:02]} Bxc5
{[%clk 0:04:56]} 25. Bxc5 {[%clk 1:09:11]} Bd7 {[%clk 0:03:22]} 26. Bxa7
{[%clk 1:08:28]} Bxc6 {[%clk 0:03:00]} 27. Rb8+ {[%clk 1:08:44]} Kd7
{[%clk 0:03:27]} 28. Rxh8 {[%clk 1:09:03]} h5 {[%clk 0:03:52]} 29. Bb6
{[%clk 1:08:23]} Ne6 {[%clk 0:03:50]} 30. f3 {[%clk 1:07:01]} Ba4
{[%clk 0:04:09]} 31. c3 {[%clk 1:07:09]} Kc6 {[%clk 0:04:37]} 32. Ba5
{[%clk 1:07:12]} Kb5 {[%clk 0:04:34]} 33. Ra8 {[%clk 1:05:58]} Nf4
{[%clk 0:04:48]} 34. Bb4 {[%clk 1:04:47]} Bc2 {[%clk 0:04:24]} 35. Kf1
{[%clk 1:04:23]} Kc4 {[%clk 0:04:16]} 36. a4 {[%clk 1:03:39]} Kd3
{[%clk 0:03:55]} 37. a5 {[%clk 1:03:35]} Ke3 {[%clk 0:03:05]} 38. a6
{[%clk 1:03:11]} Bd3+ {[%clk 0:02:59]} 39. Kg1 {[%clk 1:03:26]} Ne2+
{[%clk 0:03:12]} 40. Kh1 {[%clk 1:03:48]} Kf2 {[%clk 0:03:06]} 41. a7
{[%clk 1:03:50]} Nf4 {[%clk 0:03:13]} 42. Re8 {[%clk 1:03:31]} Bf1
{[%clk 0:03:27]} 43. h4 {[%clk 1:03:18]} Bxg2+ {[%clk 0:00:47]} 44. Kh2
{[%clk 1:03:40]} 1-0